000 00755nam a22001937a 4500
005 20180508124753.0
010 _a1718EN-30 B-682003-013
020 _a9789380607429
_c1395.00
035 _aB-682003-013
037 _bPragati
_adpl
082 _a294.423
100 _aSettar, S.
245 _aInviting death :
_cby S. Settar
_b historical experiments on sepulchral hill /
260 _aDelhi
_bPrimus Books
_c2016
270 _aVirat Bhawan, Mukherjee Nagar Commercial Complex
_bDelhi
_e110009
300 _axviii,280p.
_c23cm(Hb)
942 _2ddc
_cEN
_mSET
_h294.423
999 _c145983
_d145983